000 01652nam0a22003011 4500
001 rc\4639386
005 20130416201227.4
021 _aRU
_b[70-10626]
035 _a(NLR Aleph) 008684418
090 _a9199290
_c9199290
100 _a20130416g19681969|||y0rusy50 ca
101 0 _arus
102 _aRU
105 _aa z |||||
200 1 _aАвтооператоры для автоматической загрузки и разгрузки станков
_fОбъединение по руководству науч.-техн. информацией и пропагандой в РСФСР при Гос. ком. Совета Министров СССР по науке и технике. Гос. науч.-исслед. ин-т науч. и техн. информации "ГосИНТИ"
210 _aМосква
_cБ. и.
_d1968 [обл. 1969]
215 _a30 с., 1 отд. л. черт.
_cчерт.
_d21
225 1 _aПередовой научно-технический и производственный опыт
_v№ 10-68-1341/55
300 _aПеред загл. авт.: канд. техн. наук И.И. Слуцкий, проф. Г.Б. Лурье. На обл. авт. не указаны
606 _aМеталлорежущие станки
_xЗагрузочные устройства автоматические
_2psbo
606 _aАвтооператоры
_2psbo
700 1 _aСлуцкий
_bИ. И.
_gИван Иванович
701 1 _aЛурье
_bГ. Б.
_gГерц Борисович
801 0 _aRU
_bNLR
_gpsbo
801 1 _aRU
_bELAR
_2rusmarc
852 _aNLR
_jП11/2295
942 _cBOOK
980 _aNB